00730 a2200385 4500000002100000001000700021005001700028008004100045010000500086020000500091082001800096100001900114110000500133245005400138250000500192260003800197300001000235490000700245500000500252600000500257610000500262611000500267630000500272650000500277651000500282654000500287700000900292710000900301711000500310720000500315730000500320740000500325752000500330856000900335BKB 06951120200902150311.0  a a a658.532bB46P1 aBhote, Keki R. a1 aThe power of ultimate six sigmacby Keki R. Bhote a aNew DelhibJaico Publishingc2010 a351p. av a a a a a a a a abc abc a a a a a adf